000 00696cam a22002291 4500
001 sg 44000178
003 DLC
005 20260227112743.0
008 810815s1944 xx 000 0 eng
010 _asg 44000178
035 _a(OCoLC)14745725
040 _aDLC
_cDNLM
_dPPCP
_dDLC
042 _apremarc
050 0 0 _aRX601
_b.P8
060 0 _aWB 930
_bP981h 1944
100 1 _aPulford, Alfred,
_d1863-
245 1 0 _aHomoeopathic materia medica of graphic drug pictures and clinical comments,
_cby Pulford ...
260 _aToledo, O.,
_cc1944.
300 _a318, [8] p.
500 _a"Copyright ... by Drs. Alfred and Dayton Turner Pulford."
700 1 _aPulford, D. T.
_q(Dayton Turner)
999 _c90420
_d90420